00612nam a2200157 a 450000100100000000500170001000800410002702000150006804000250008310000270010824501340013526000550026930000280032449000510035283000510040300004264320201002040308.0140203s1996 sp a 000 0 spa d a8437614341 aDO-SdBNPbspacBNPHU1 aBirri, Fernandod1925-10aFernando Birri :bel alquimista poético-político: por un nuevo nuevo nuevo cine latinoamericano, 1956-1991 /cFernando Birri. aMadrid, :bCátedrabFilmoteca Española,c1996. a354 p. :bil. ;c18 cm.1 aSigno e ImagenaCineastas Latinoamericanosv29 0aSigno e ImagenpCineastas Latinoamericanosv29